000
00248nam a2200097Ia 4500
001
642419
005
20250826153526.0
008
250824s9999 xx 000 0 und d
245
0
_a
Kafdağı nın Ardına Yolculuk
_c
Gülten Dayıoğlu
260
_b
ALTIN
999
_c
642419
_d
642419